| 000 | 00591nam a2200193 a 4500 | ||
|---|---|---|---|
| 005 | 20230602064308.0 | ||
| 008 | 991125s1979 mad 000 0 spa u | ||
| 035 | _aUPN01000036734 | ||
| 049 | _aCG | ||
| 050 | 4 |
_aBF698.8 R5 _bL6.48 1979 |
|
| 100 | 1 | _aLoosli-Usteri, Marguerite | |
| 245 | 1 | 0 |
_aManual práctico del test de Rorschach / _cMarguerite Loosli-Usteri ; tr. Concepción Sainz-Amor. |
| 250 | _a3a ed. | ||
| 260 |
_aMadrid : _bRialp, _c1979. |
||
| 300 | _a306 p., [5] p. de láms. | ||
| 440 | 0 |
_aHombre y sociedad ; _v9 |
|
| 650 | 7 |
_aPrueba de Rorschach _2 _913524 |
|
| 905 | _aLibro | ||
| 999 |
_c36734 _d36734 |
||